000
00337nam a2200145Ia 4500
008
150301s2015 xx 000 0 und d
082
_a
615.7
_b
TI14G
100
_a
GUPTA, A.K
245
_a
INTRODUCATION TO PHARMACEUTICS -|
250
_a
3RD
260
_b
CBS- DELHI
300
_a
314
650
_a
PHARMACEUTICS
942
_2
ddc
_c
BK
_0
12
999
_c
7337
_d
7337